00284nam a2200121Ia 4500008004100000041000900041082001700050100002000067245002100087260003800108300000800146650000800154230718s9999 xx 000 0 und d aEng. a342.5bMUH-J aMuhammad Khusam 0aJustice of peace aPakistanbHasmi publicationc2014 a239 aLaw